01103nab a22002297a 4500999001500000003000400015005001700019008004100036040000700077100003100084245022400115260007300339300001200412500002800424505009700452505008200549650002300631650002900654650002200683773015500705942001300860 c5586d5586OSt20251219111815.0190429b xxu||||| |||| 00| 0 spa d cPJ 94841aCarnevale, Carlos A.10aPerspectiva de género y juicios por jurados ¿Sus decisiones se guían por prejuicios, estereotipos y sesgos? Un trabajo empírico sobre los juicios en la provincia de Buenos Aires 2015-2024 /c Carlos A. Carnevale. cCiudad Autónoma de Buenos Aires :aThomson Reuters La Ley, b2025. ap. 5-30 aCita: AR/DOC/1337/2025. aSumario: I. Introducción.— II. Estudios previos.— III. Los casos.— IV. Conclusiones. tSi te interesa el texto completo, solicitalo a koha@justierradelfuego.gov.ar  09343aDERECHO PENAL 093067aJUICIO POR JURADOS 092676aJUICIO ORAL0 0265893164tRevista de derecho penal y criminología. Nº 6 - Julio 2025dCiudad Autónoma de Buenos Aires : Thomson Reuters La Ley, 2017-x00347914 2udccANA